Milk of paradise (Record no. 97905)

MARC details
000 -LEADER
fixed length control field nam a22 7a 4500
005 - DATE AND TIME OF LATEST TRANSACTION
control field 20191018123839.0
008 - FIXED-LENGTH DATA ELEMENTS--GENERAL INFORMATION
fixed length control field 190205b ||||| |||| 00| 0 eng d
020 ## - INTERNATIONAL STANDARD BOOK NUMBER
International Standard Book Number 9781447285779
080 ## - UNIVERSAL DECIMAL CLASSIFICATION NUMBER
Universal Decimal Classification number 633.888(94)
Item number ING
100 ## - MAIN ENTRY--PERSONAL NAME
Personal name Inglis, Lucy
245 ## - TITLE STATEMENT
Title Milk of paradise
Remainder of title a history of opium
260 ## - PUBLICATION, DISTRIBUTION, ETC. (IMPRINT)
Place of publication, distribution, etc London
Name of publisher, distributor, etc Pan macmillan
Date of publication, distribution, etc 2018
300 ## - PHYSICAL DESCRIPTION
Extent xxiv,440p.
653 ## - INDEX TERM--UNCONTROLLED
Uncontrolled term Opium trade
653 ## - INDEX TERM--UNCONTROLLED
Uncontrolled term Opium abuse
942 ## - ADDED ENTRY ELEMENTS (KOHA)
item type Books
Holdings
Lost status Source of classification or shelving scheme Not for loan Home library Current library Date acquired Total Checkouts Full call number Barcode Date last seen Price effective from Koha item type
  Universal Decimal Classification   University Library University Library 05/02/2019   633.888(94) ING 00083965 05/02/2019 05/02/2019 Books
University Library, CUSAT